000 00629nam a2200205Ii 4500
003 JO-AjNU
008 230605s9999||||xx |||||||||||||| ||und||
017 _a1986/11/938
040 _aJO-AjNU
_bara
_erda
_cJO-AjNU
041 _aara
050 1 4 _aRJ61.S27212 1987
100 3 _aسالك ، لي ؛ ترجمة فاخر عقل ,
_eauthor
_936403
245 0 0 _aالتتهيؤ للوالدية
264 3 1 _aدمشق : دار طلاس ، 1987
300 _a261ص
336 _atext
_btxt
_2rdacontent
337 _aunmediated
_bn
_2rdamedia
338 _avolume
_bnc
_2rdacarrier
650 4 _aالحمل-الولادة
_936404
999 _aA15122
_c18690
_d18690